OSF/Motif style guide : (Record no. 541555)

000 -LEADER
fixed length control field 00622cam a2200181 a 4500
020 ## - INTERNATIONAL STANDARD BOOK NUMBER
International Standard Book Number 0136406165
082 00 - DEWEY DECIMAL CLASSIFICATION NUMBER
Classification number 004
Author Mark OSF
-- L-02, P.186
245 00 - TITLE STATEMENT
Title OSF/Motif style guide :
Remainder of title revision 1.1 (for OSF/Motif release 1.1) /
Statement of responsibility, etc. Open Software Foundation.
250 ## - EDITION STATEMENT
Edition statement Rev. and updated.
260 ## - PUBLICATION, DISTRIBUTION, ETC.
Place of publication, distribution, etc. Englewood Cliffs, N.J. :
Name of publisher, distributor, etc. Prentice Hall,
Date of publication, distribution, etc. c1991.
300 ## - PHYSICAL DESCRIPTION
Extent 1 v. (various pagings) :
Other physical details ill. ;
Dimensions 23 cm.
500 ## - GENERAL NOTE
General note Includes index.
500 ## - GENERAL NOTE
General note Spine title: Style guide release 1.1.
526 ## - STUDY PROGRAM INFORMATION NOTE
Program name 0
Interest level 0
Reading level 0
Title point value 004_000000000000000_OSF
650 ## - SUBJECT ADDED ENTRY--TOPICAL TERM
Topical term or geographic name entry element MCE
9 (RLIN) 379
710 2# - ADDED ENTRY--CORPORATE NAME
Corporate name or jurisdiction name as entry element Open Software Foundation.
9 (RLIN) 36525
942 ## - ADDED ENTRY ELEMENTS (KOHA)
Source of classification or shelving scheme
Koha item type Book
Holdings
Withdrawn status Lost status Source of classification or shelving scheme Damaged status Not for loan Permanent Location Current Location Date acquired Total Checkouts Full call number Barcode Date last seen Price effective from Koha item type
          Military College of Engineering (MCE) Military College of Engineering (MCE) 08/13/2013   004 OSF MCE-28245 08/13/2013 08/13/2013 Book
© 2023 Central Library, National University of Sciences and Technology. All Rights Reserved.